Il était une fois les explorateurs - série d'animation - Statistiques

Statistiques générales
  • Ce quiz a été pris 10 fois
  • Le résultat moyen est 15 sur 26
Statistiques - réponses
Hint Réponse % Correct
Vers les c... cimes
89%
Vers les é... étoiles
89%
Les premiers navigateurs
89%
James Cook
78%
Erik le Rouge ou la découverte de l'Amérique
78%
Bruce et les sources du Nil
78%
Vasco de Gama
78%
Gengis Khan
78%
Amerigo Vespucci et le nouveau monde
78%
Magellan le premier tour du monde
78%
Piccard : des sommets aux abysses
67%
Les taxis et la première poste
67%
Alexandre le Grand
67%
Ibn Battûta
56%
Lewis et Clark
56%
La Condamine
56%
Cabeza de Vaca
56%
Bougainville et le Pacifique
56%
Roald Amundsen et le pôle sud
56%
Alexander von Humboldt
44%
Les grandes jonques
33%
Stanley et Livingstone
33%
Alexandra David-Néel et le Tibet
22%
Vitus Béring
11%
Stuart, Burke et l'Australie
0%
Les Pinzon
0%
Aucun quiz correspondant
Distribution des résultats
% des personnes avec chaque résultat
Percentile par nombre de réponses
Votre historique - résultats
Vous n’avez pas pris ce quiz